000 00647cam a22002291 4500
001 sa 67007590
003 DLC
005 20260227112417.0
008 711119s1967 ii b 000 0 eng
010 _asa 67007590
015 _aGB68-985
035 _a(OCoLC)173226
040 _aDLC
_cOKentU
_dUk
_dNSyU
_dOCoLC
_dDLC
042 _apremarc
050 0 0 _aLB2947
_b.M55 1967
100 1 _aMisra, Atmanand,
_d1913-
245 1 4 _aThe financing of Indian education.
260 _aBombay ;
_aNew York :
_bAsia Pub. House,
_c[1967]
300 _aviii, 312 p. ;
_c22 cm.
504 _aBibliography: p. 294-304
650 0 _aEducation
_zIndia
_xFinance.
999 _c76675
_d76675